The Voice of heart: (Record no. 160103)

MARC details
000 -LEADER
fixed length control field 00454nam a22001577a 4500
005 - DATE AND TIME OF LATEST TRANSACTION
control field 20190115121217.0
010 ## - LCCN (DPL NO)
LC control number B-163368
035 ## - SYSTEM CONTROL NUMBER
System control number B-163368
037 ## - SOURCE OF ACQUISITION
Source of stock number/acquisition Harper Collins Publishers
082 ## - DEWEY DECIMAL CLASSIFICATION NUMBER
Classification number 921
100 ## - MAIN ENTRY--PERSONAL NAME
Personal name Sarabhai, Mrinalini
245 ## - TITLE STATEMENT
Title The Voice of heart:
Remainder of title An autobiography
Statement of responsibility, etc Mrinalini Sarabhai
260 ## - PUBLICATION, DISTRIBUTION, ETC. (IMPRINT)
Place of publication, distribution, etc New Delhi
Name of publisher, distributor, etc HarperCollins Publishers
Date of publication, distribution, etc 2004
300 ## - PHYSICAL DESCRIPTION
Extent 315p.
Dimensions 23cm(hbk)
942 ## - ADDED ENTRY ELEMENTS (KOHA)
Source of classification or shelving scheme Dewey Decimal Classification
Item type English Books
Classification part 921
Call number suffix SAR
Holdings
Withdrawn status Lost status Not for loan Collection code Home library Current library Date acquired Full call number Barcode Koha item type
      Non-fiction Sarojini Nagar Sarojini Nagar 15/01/2019 921 SAR B-163368 English Books

© Delhi Public Library
Hit Counter
free hit counter